Влияние технологии электронно-лучевой наплавки на формирование структуры и свойств меднохромового контактного сплава; Тяжелое машиностроение; № 9

Bibliographic Details
Parent link:Тяжелое машиностроение: научно-технический и производственный журнал.— , 1955-
№ 9.— 2020.— [С. 20-27]
Main Author: Гнюсов С. Ф. Сергей Фёдорович
Corporate Author: Национальный исследовательский Томский политехнический университет Инженерная школа неразрушающего контроля и безопасности Отделение электронной инженерии
Other Authors: Дураков В. Г. Василий Григорьевич
Summary:Заглавие с экрана
Исследована микроструктура и свойства контактного меднохромового сплава, полученного методом электронно-лучевой наплавки. Проведен анализ влияния технологических параметров наплавки и температуры подогрева основного металла на структурно-фазовое состояние покрытия в процессе электронно-лучевой наплавки композиционной смеси порошков Cu-Cr. Установлено формирование бимодальной структуры покрытия.
The microstructure and properties of the contact Cu-Cr alloy produced by electron-beam cladding have been investigated. The effect of the electron beam cladding parameters and temperature-reheating of the base metal on the structure and the properties of the coatings has been determined. The bi-modal structure of the cladding coating has been established.
Режим доступа: по договору с организацией-держателем ресурса
Language:Russian
Published: 2020
Subjects:
Online Access:https://www.elibrary.ru/item.asp?id=44104340
Format: Electronic Book Chapter
KOHA link:https://koha.lib.tpu.ru/cgi-bin/koha/opac-detail.pl?biblionumber=664209

MARC

LEADER 00000naa0a2200000 4500
001 664209
005 20250424164409.0
035 |a (RuTPU)RU\TPU\network\35393 
035 |a RU\TPU\network\34792 
090 |a 664209 
100 |a 20210331d2020 k||y0rusy50 ca 
101 0 |a rus 
102 |a RU 
135 |a drcn ---uucaa 
181 0 |a i  
182 0 |a b 
200 1 |a Влияние технологии электронно-лучевой наплавки на формирование структуры и свойств меднохромового контактного сплава  |d The impact of technology of the electron-beam cladding on structure formation and properties copper-chromium contact alloys  |f С. Ф. Гнюсов, В. Г. Дураков 
203 |a Текст  |c электронный 
300 |a Заглавие с экрана 
320 |a [Библиогр.: 15 назв.] 
330 |a Исследована микроструктура и свойства контактного меднохромового сплава, полученного методом электронно-лучевой наплавки. Проведен анализ влияния технологических параметров наплавки и температуры подогрева основного металла на структурно-фазовое состояние покрытия в процессе электронно-лучевой наплавки композиционной смеси порошков Cu-Cr. Установлено формирование бимодальной структуры покрытия. 
330 |a The microstructure and properties of the contact Cu-Cr alloy produced by electron-beam cladding have been investigated. The effect of the electron beam cladding parameters and temperature-reheating of the base metal on the structure and the properties of the coatings has been determined. The bi-modal structure of the cladding coating has been established. 
333 |a Режим доступа: по договору с организацией-держателем ресурса 
461 |t Тяжелое машиностроение  |o научно-технический и производственный журнал  |d 1955- 
463 |t № 9  |v [С. 20-27]  |d 2020 
510 1 |a The impact of technology of the electron-beam cladding on structure formation and properties copper-chromium contact alloys  |z eng 
610 1 |a электронный ресурс 
610 1 |a труды учёных ТПУ 
610 1 |a электронно-лучевая наплавка 
610 1 |a микроструктура 
700 1 |a Гнюсов  |b С. Ф.  |c специалист в области машиностроения  |c профессор Томского политехнического университета, доктор технических наук  |f 1960-  |g Сергей Фёдорович  |3 (RuTPU)RU\TPU\pers\26508 
701 1 |a Дураков  |b В. Г.  |g Василий Григорьевич 
712 0 2 |a Национальный исследовательский Томский политехнический университет  |b Инженерная школа неразрушающего контроля и безопасности  |b Отделение электронной инженерии  |3 (RuTPU)RU\TPU\col\23507 
801 0 |a RU  |b 63413507  |c 20210331  |g RCR 
850 |a 63413507 
856 4 |u https://www.elibrary.ru/item.asp?id=44104340 
942 |c CF